000 01108nam a22003257a 4500
003 CHAP
005 20220329133503.0
008 971013s r 00010 d
010 _a6951
011 _a7923
035 _a7148
040 _cCHAP
090 _aR-3428
100 0 0 _aRandhawa, S. U.
_994569
245 _aTimber harvester
_b: a microcomputer-based system for automatic selection of timber harvesting equipment
500 _aSobretiro de : Applied Engineering in Agriculture 8(1) : 121-127, 1992
590 _aBATCH-UPD
_b10
_c20130110
_lUCH01
_h0114
590 _aBATCH-UPD
_b10
_c20130110
_lUCH01
_h2149
590 _aBATCH-UPD
_b10
_c20130409
_lUCH01
_h2106
590 _aBATCH-UPD
_b10
_c20130410
_lUCH01
_h1457
590 _aBATCH-UPD
_b10
_c20130914
_lUCH01
_h1739
590 _aCONVERSION
_b10
_c20130109
_lUCH01
_h1305
650 1 4 _aMadera
_xRecolección.
_969625
650 1 4 _aProcesamiento automático de datos en bosques.
_991760
700 0 _aOlsen, E. D.
_983195
700 0 _aScott, T. M.
_9103405
901 _aBK
942 _cREIMP
949 _aR-3428
_bBC
_cR
_d-16962
_eTS1
_i7148
_mD
_si
999 _c6951
_d6951